Statistics for Most Polluted Countries

Click here to take the quiz!

General Stats

  • This quiz has been taken 55 times
  • The average score is 20 of 30

Answer Stats

PM2.5Country% Correct
39.1China
96%
58.0India
96%
34.0Vietnam
92%
83.3Bangladesh
88%
65.8Pakistan
88%
51.1Indonesia
86%
24.2Iran
86%
58.8Afghanistan
80%
39.6Iraq
80%
38.9United Arab Emirates
80%
23.3Laos
78%
24.0Thailand
78%
44.6Nepal
76%
38.3Kuwait
73%
31.1Myanmar
73%
62.0Mongolia
69%
23.6Kazakhstan
65%
24.7South Korea
63%
25.2Sri Lanka
63%
46.8Bahrain
61%
32.2Syria
61%
41.2Uzbekistan
59%
32.1DR Congo
53%
25.5Armenia
49%
33.6Kyrgyzstan
49%
30.3Ghana
37%
25.4Bulgaria
31%
29.1Uganda
29%
34.5Bosnia and Herzegovina
18%
32.4North Macedonia
16%

Score Distribution

Percentile by Number Answered

Percent of People with Each Score

Your Score History

You have not taken this quiz